000 00776nab a2200241 u 4500
001 15788
003 HDC
007 cr bn ---aaaaa
008 210219c mydr|noo 0 a may d
040 _aHDC
245 0 _aRM200j lahirkan tenaga mahir sektor pertanian
260 _aMalaysia :
_bBerita Harian,
_c2002
336 _atext
_2rdacontent
337 _acomputer
_2rdamedia
338 _aonline resource
_2rdacarrier
650 _aagriculture college
_915854
650 _aeducations sector
_915855
710 _aBerita Harian
856 _zRequest full-text at [email protected]
942 _2lcc
942 _cNEWS
942 _kNSWO 008323
999 _c13104
_d13104